| 000 | 00896aam a2200325 4500 | ||
|---|---|---|---|
| 005 | 20220211113102.0 | ||
| 008 | 150227b xxu||||| |||| 00| 0 eng d | ||
| 020 | _a9788483220856 | ||
| 041 | _aspa | ||
| 082 | _a621.381 5 F645f9 | ||
| 100 |
_aFloyd, Thomas _96459 |
||
| 245 | _aFundamentos de sistemas digitales | ||
| 250 | _a9 edición | ||
| 260 | _aMéxico | ||
| 260 | _bPearson Educación | ||
| 260 | _c2006 | ||
| 300 | _a1024 páginas | ||
| 650 |
_aSISTEMAS DIGITALES _92012 |
||
| 650 |
_aSISTEMAS DE NUMERACION _96466 |
||
| 650 |
_aPUERTAS LOGICAS _96467 |
||
| 650 |
_aALGEBRA DE BOOLE _96468 |
||
| 650 |
_aEXPRESIONES BOOLEANAS _96469 |
||
| 650 |
_aLOGICA CONBINACIONAL _96470 |
||
| 650 |
_aFLIP-FLOPS _96471 |
||
| 650 |
_aTEMPORIZADORES _96472 |
||
| 650 |
_aMEMORIAS _96473 |
||
| 650 |
_aLOGICA PROGRAMABLE _96474 |
||
| 650 |
_aCIRCUITOS INTEGRADOS _94619 |
||
| 942 | _cBK | ||
| 999 |
_c7787 _d7787 |
||